|
|
|
|
| LEADER |
00000nab a2200000 a 4500 |
| 001 |
vtls000177618 |
| 003 |
SK-MaSNL |
| 005 |
20260303201428.0 |
| 008 |
160215c1984 xo 0 slo |
| 015 |
|
|
|a SNBRB19rr/mm-uuuuu
|
| 035 |
|
|
|a CL0187731
|
| 040 |
|
|
|a SNKBUCL
|b slo
|c SNKBUCL
|e AACR2
|
| 041 |
0 |
|
|a slo
|
| 044 |
|
|
|a xo
|c SK
|
| 080 |
|
|
|a 82.09:885.4-1(048)
|2 1981
|
| 080 |
|
|
|a 885.4-1(048)
|2 1981
|
| 100 |
1 |
|
|a Števček, Pavol,
|d 1932-2003
|4 aut
|9 103687
|
| 245 |
1 |
0 |
|a Tomáš Janovic: Óda po zet
|c Pavol Števček ; Tomáš Janovic
|
| 500 |
|
|
|a Pod spoločným názvom Skusmo píše... V rubrike Recenzie.
|
| 650 |
0 |
7 |
|a epigramy
|2 snkbucl
|9 75613
|
| 650 |
0 |
7 |
|a básne satirické
|2 snkbucl
|9 898428
|
| 655 |
|
7 |
|a články z novín a časopisov
|2 snkbucl
|9 267496
|
| 655 |
|
7 |
|a články z odboru literárna veda a krásna literatúra
|2 snkbucl
|9 770045
|
| 700 |
1 |
|
|a Janovic, Tomáš,
|d 1937-2023
|4 aut
|9 103580
|
| 773 |
0 |
|
|t Romboid
|g Roč. 19, č. 2 (1984), s. 94
|
| 787 |
0 |
8 |
|i Rec.:
|a Janovic, Tomáš
|t Óda po zet
|d Bratislava : Smena, 1983
|
| 850 |
|
|
|a Slovenská národná knižnica v Martine
|a MTA001
|
| 852 |
|
|
|a SNK
|b KIS3GCP
|
| 958 |
|
|
|a BX
|
| 958 |
|
|
|a RK
|
| 958 |
|
|
|a LX
|
| 992 |
|
|
|a RBX
|
| 999 |
|
|
|c 2174049
|d 2175979
|